000 00550nam a2200217Ia 4500
003 OSt
005 20221005124758.0
006 a|||||r|||| 00| 0
007 ta
008 221004b |||||||| |||| 00| 0 tam d
024 _a50369
037 _cTextual
040 _aCRL
_cCRL
_btam
041 _2tam
_atam
082 _aO31,3NKA71, M3
100 _aKalaichezhiyan
_9635771
245 0 _aNermaikku oruvan
650 _aTAMIL LITERATURE
942 _hO31,3NKA71, M3
_cTEXL
_2cc
999 _c1051575
_d1051575